000 00417nam a22001457a 4500
999 _c3317
_d3317
008 200409b ||||| |||| 00| 0 eng d
082 0 0 _a620.00222
_bB5755
100 _91437
_aBhatt, N. D.
245 1 0 _aElemrntary Engineeing Drawinh (Plane and Solid Geometry) /
_cby N. D. Bhatt
250 _a12th ed.
260 _aAnand
_bCharotar Publication
_c1983
300 _a590 p.
650 0 _aMechanical Drawing
942 _cBK